000 00695nam a2200253Ia 4500
003 OSt
005 20221005090153.0
006 a|||||r|||| 00| 0
007 ta
008 221004b |||||||| |||| 00| 0 eng d
024 _a63101
037 _cTextual
040 _aCRL
_cCRL
_beng
041 _2eng
_aeng
082 _aS8, M4
100 _aGale Anthony
245 0 _aPsychology and social problems
_b An introduction to applied psychology
260 _aNew York
_bJohn Wiley
_c1984
300 _a374p.
_ccm.
650 _aPSYCHOLOGY
700 _a Chapman Anthony J
_9510378
942 _hS8, M4
_cTEXL
_2cc
999 _c995333
_d995333